000 00367nam a2200133Ia 4500
005 20260328104304.0
008 260328s9999||||xx |||||||||||||| ||und||
100 _aFacultad de Arquitectura
245 0 _aCien AƱos Facultad de Arquitectura /
_cFacultad de Arquitectura
260 _bfacultad de arquitectura
300 _a267 p.
650 _aCOLOMBIA
942 _cBK
999 _c10686
_d10686